| 000 | 00912nam a2200253 a 4500 | ||
|---|---|---|---|
| 001 | 000001782 | ||
| 005 | 20200929145711.0 | ||
| 008 | 090629s2005 sp b 000 0 spa d | ||
| 020 | _a9788498152050 | ||
| 040 |
_aDO-SdBNP _bspa _cBNPHU |
||
| 082 |
_a813.54 _bA917C |
||
| 100 | 1 |
_aAuel, Jean M. _95228 |
|
| 240 | 1 | 4 |
_aThe Clan of the Cave Bear _linglés |
| 245 | 1 | 3 |
_aEl clan del oso cavernario / _cJean M. Auel ; tradución Leonor Tejada Conde-Pelayo. |
| 260 |
_aMadrid, España : _bDiario El País, _c2005. |
||
| 300 |
_a591 p. ; _c22 cm. |
||
| 534 |
_pTítulo original en inglés: _tThe Clan of the Cave Bear |
||
| 650 | 4 |
_aHombres prehistoricos _95538 |
|
| 650 | 4 |
_aPeríodos glaciales _vFICCIÓN _95788 |
|
| 650 | 4 |
_aNovela histórica estadounidense _95789 |
|
| 650 | 4 |
_aLiteratura estadounidense _9263 |
|
| 700 | 1 |
_aConde-Pelayo, Leonor Tejada, _etr. _95790 |
|
| 910 | _aValidado. Control de calidad MMOLINA | ||
| 999 |
_c1659 _d1659 |
||